000 00754nam a22001937a 4500
005 20180614124030.0
010 _a1718EN-30 B-688813-819
020 _a9789385160219
_c695.00
035 _aB-688813-819
037 _bBhairavi pub.
_adpl
082 _a920
245 _aBharat Ratna Atal Bihari Vajpayee /
_cedited by Harsharan Singh
260 _aNew Delhi
_bLenin media
_c2015
270 _a204-205, IInd floor, Durga complex,Mayur Vihar, phase-II,
_bNew Delhi
_e110091
300 _a256p
_c22cm(Hb)
700 _aSingh, Harsharan
942 _2ddc
_cEN
_mBHA
_h920
999 _c145979
_d145979